| 000 | 00612nam a2200229Ia 4500 | ||
|---|---|---|---|
| 008 | 170203s9999 xx 000 0 und d | ||
| 020 | _a9719307587 | ||
| 050 | _a4.67 | ||
| 050 | _b.An544s 2000 | ||
| 100 | _aAndes, Antonio Sr. M. | ||
| 245 | _aSimple Internet : | ||
| 245 | _bfully illustrated / | ||
| 245 | _cAntonio M. Andes Sr.; edited by Rodel N. Naz. | ||
| 260 | _aLegazpi City: | ||
| 260 | _bAndes Mountain Printers, | ||
| 260 | _c2000 | ||
| 300 | _aviii, 450 pages : | ||
| 650 | _aComputers. | ||
| 650 | _ainternet. | ||
| 650 | _xJuvenile literature. | ||
| 650 | _xJuvenile literature. | ||
| 999 |
_c305535 _d305535 |
||